Detalles MARC
| 000 -LEADER |
| fixed length control field |
02265nam a2200325 a 4500 |
| 001 - CONTROL NUMBER |
| control field |
|
| 003 - CONTROL NUMBER IDENTIFIER |
| control field |
DO-SdBNP |
| 005 - DATE AND TIME OF LATEST TRANSACTION |
| control field |
20211109074016.0 |
| 007 - PHYSICAL DESCRIPTION FIXED FIELD--GENERAL INFORMATION |
| fixed length control field |
|
| 008 - FIXED-LENGTH DATA ELEMENTS--GENERAL INFORMATION |
| fixed length control field |
150716s2000 dr r 000 0 spa d |
| 020 ## - INTERNATIONAL STANDARD BOOK NUMBER |
| International Standard Book Number |
9993442046 |
| 040 ## - CATALOGING SOURCE |
| Original cataloging agency |
DO-SdBNP |
| Language of cataloging |
spa |
| Transcribing agency |
BPMSU |
| 082 #4 - DEWEY DECIMAL CLASSIFICATION NUMBER |
| Classification number |
923.27293 |
| Item number |
B742s 2000 |
| Edition number |
22 |
| 111 2# - MAIN ENTRY--MEETING NAME |
| Meeting name or jurisdiction name as entry element |
Seminario Internacional Juan Bosch Vida y Obra |
| Number of part/section/meeting |
(3 : |
| Date of meeting |
2000 : |
| Location of meeting |
Santo Domingo) |
| 245 10 - TITLE STATEMENT |
| Title |
Juan Bosch : |
| Remainder of title |
vida y obra / |
| Statement of responsibility, etc. |
Orlando Díaz, editor ; introducción Alejandro González Pons. |
| 260 ## - PUBLICATION, DISTRIBUTION, ETC. (IMPRINT) |
| Place of publication, distribution, etc. |
Santo Domingo : |
| Name of publisher, distributor, etc. |
Comisión Permanente de la Feria del Libro, |
| Date of publication, distribution, etc. |
2000. |
| 300 ## - PHYSICAL DESCRIPTION |
| Extent |
174 p. ; |
| Dimensions |
23 cm. |
| 490 0# - SERIES STATEMENT |
| Series statement |
Ediciones Ferilibro, |
| Volume/sequential designation |
33 |
| 500 ## - GENERAL NOTE |
| General note |
Incluye referencias bibliográficas y notas al pie de las páginas |
| 500 ## - GENERAL NOTE |
| General note |
Ponencias presentadas en el Seminario Internacional 'Juan Bosch: Vida y Obra', realizado dentro del marco de la III Feria Internacional del Libro Santo Domingo-2000" |
| 505 0# - FORMATTED CONTENTS NOTE |
| Formatted contents note |
Semblanza literaria de Juan Bosch / |
| Statement of responsibility |
Bruno Rosario Candelier -- |
| Title |
El problema del ver en política: Althusser y Bosch / |
| Statement of responsibility |
Rafael Julián -- |
| Title |
Juan Bosch, luchador, escritor, hermeneuta / |
| Statement of responsibility |
Jorge Núñez Sánchez -- |
| Title |
La visión criollística en la cuentística de Juan Bosch, sus rasgos esenciales / |
| Statement of responsibility |
Roberto Fernández Valledor -- |
| Title |
Juan Bosch maestro del cuento latinoamericano / |
| Statement of responsibility |
Raúl Pérez Torres -- |
| Title |
Juan Bosch : patriota, escritor, líder y maestro / |
| Statement of responsibility |
Euclides Gutiérrez Félix -- |
| Title |
Narración y estilo en Juan Bosch: su mundo cenestético / |
| Statement of responsibility |
Manuel A. Ossers Cabrera -- |
| Title |
La imagen de América: cuentos dominicanos y americanos de Juan Bosch / |
| Statement of responsibility |
Manuel Joffré Berríos -- |
| Title |
La mujer en los cuentos de Juan Bosch: paradojas, conflictos y realidades / |
| Statement of responsibility |
Clara Mercedes Jorge Tejada de Ramírez -- |
| Title |
Juan Bosch: una estampa literaria / |
| Statement of responsibility |
León David -- |
| Title |
Juan Bosch: heritier du genre conte / |
| Statement of responsibility |
Lionel Richard -- |
| Title |
Expositores / |
| -- |
Notas bibliográficas. |
| 590 ## - LOCAL NOTE (RLIN) |
| Local note |
Inventariado, 2021/VM |
| 600 14 - SUBJECT ADDED ENTRY--PERSONAL NAME |
| Personal name |
Bosch, Juan, |
| Dates associated with a name |
1909-2001 |
| 9 (RLIN) |
1 |
| 650 14 - SUBJECT ADDED ENTRY--TOPICAL TERM |
| Topical term or geographic name as entry element |
Presidentes |
| Geographic subdivision |
República Dominicana |
| Form subdivision |
Congresos, conferencias, etc. |
| 651 14 - SUBJECT ADDED ENTRY--GEOGRAPHIC NAME |
| Geographic name |
República Dominicna |
| Form subdivision |
Biografías |
| -- |
Congresos, conferencias, etc. |
| 700 1# - ADDED ENTRY--PERSONAL NAME |
| Personal name |
González Pons, Alejandro, |
| Relator term |
introd. |
| 700 1# - ADDED ENTRY--PERSONAL NAME |
| Personal name |
Díaz, Orlando, |
| Relator term |
ed. |
| 910 ## - USER-OPTION DATA (OCLC) |
| User-option data |
VMateo V. |
| 942 ## - ADDED ENTRY ELEMENTS (KOHA) |
| Source of classification or shelving scheme |
Dewey Decimal Classification |
| Koha item type |
Libros |